Normal view MARC view
  • Lawry, John D.,

Entry Personal Name

Number of records used in: 3

001 - CONTROL NUMBER

  • control field: 364

003 - CONTROL NUMBER IDENTIFIER

  • control field: URS

005 - DATE AND TIME OF LATEST TRANSACTION

  • control field: 20210719144901.0

008 - FIXED-LENGTH DATA ELEMENTS

  • fixed length control field: 210719|| aca||aabn | a|a d

040 ## - CATALOGING SOURCE

  • Original cataloging agency: URS

100 ## - HEADING--PERSONAL NAME

  • Personal name: Lawry, John D.,
  • Relator term: author

University of Rizal System
Email us at univlibservices@urs.edu.ph

Visit our Website www.urs.edu.ph/library